| 000 | 00686nam a2200217 a 4500 | ||
|---|---|---|---|
| 005 | 20210223125336.0 | ||
| 008 | 040324s2001 ag r 000 0 spa d | ||
| 020 | _a9501265226 | ||
| 035 | _aUPN01000132786 | ||
| 049 | _aCG | ||
| 050 | 4 |
_aN6635 _bG5.9 |
|
| 100 | 1 | _aGiunta, Andrea | |
| 245 | 1 | 0 |
_aVanguardia, internacionalismo y política : _barte argentino en los años sesenta / _cAndrea Giunta. |
| 260 |
_aBuenos Aires : _bPaidós, _c2001. |
||
| 300 |
_a412 p. : _bil. |
||
| 440 | 0 |
_aEspacios del saber ; _v22 |
|
| 650 | 4 |
_aARTE ARGENTINO - _ySIGLO XX _92443 |
|
| 650 | 4 |
_aARTE - _xASPECTOS POLITICOS - _zARGENTINA _92460 |
|
| 651 | 4 |
_aARGENTINA - _xHISTORIA _97804 |
|
| 905 | _aLibro | ||
| 999 |
_c104940 _d104940 |
||